Scots on the rocks #23 [Large Print] : a ... Read More
Available copies
- 1 of 1 copy available at LARL/NWRL Consortium.
Current holds
0 current holds with 1 total copy.
Show All Copies
| Location | Call Number / Copy Notes | Barcode | Shelving Location | Status | Due Date |
|---|---|---|---|---|---|
| Roseau Public Library | lp DAH (Text) | 35500004060610 | Main | Available | - |
Record details
- ISBN: 9780061260391 (pbk.) :
- ISBN: 0061260398 (pbk.) :
- Physical Description: 506 p. (large print) ; 23 cm.
- Edition: 1st HarperLuxe ed.
- Publisher: New York : HarperLuxe, c2007.
Search for related items by subject
| Subject: | Flynn, Judith McMonigle (Fictitious character) > Fiction. Scotland > Fiction. |
| Genre: | Mystery fiction. Large type books. |
Search for related items by series
| LDR | 01074cam a2200301Ia 4500 | ||
|---|---|---|---|
| 001 | 82956 | ||
| 003 | LARL_NWRL_CONSORTIUM | ||
| 005 | 20070814152026.0 | ||
| 008 | 070802s2007 nyu d 000 1 eng | ||
| 020 | . | ‡a9780061260391 (pbk.) : ‡c$23.95 | |
| 020 | . | ‡a0061260398 (pbk.) : ‡c$23.95 | |
| 035 | . | ‡a(OCoLC)162121506 | |
| 043 | . | ‡ae-uk-st | |
| 082 | 0 | 4. | ‡a813/.54 ‡222 |
| 100 | 1 | . | ‡aDaheim, Mary. ‡0(LARL_NWRL_CONSORTIUM)110616 |
| 245 | 1 | 0. | ‡aScots on the rocks ‡n#23 ‡h[Large Print] : ‡ba bed-and-breakfast mystery / ‡cMary Daheim. |
| 250 | . | ‡a1st HarperLuxe ed. | |
| 260 | . | ‡aNew York : ‡bHarperLuxe, ‡cc2007. | |
| 300 | . | ‡a506 p. (large print) ; ‡c23 cm. | |
| 490 | 0 | . | ‡aBed and breakfast ; ‡v23 |
| 650 | 0. | ‡aFlynn, Judith McMonigle (Fictitious character) ‡vFiction. | |
| 651 | 0. | ‡aScotland ‡vFiction. ‡0(LARL_NWRL_CONSORTIUM)167208 | |
| 655 | 7. | ‡aMystery fiction. ‡2gsafd | |
| 655 | 0. | ‡aLarge type books. | |
| 901 | . | ‡a82956 ‡bOCLC ‡c82956 ‡tbiblio | |

Add to basket
Permalink
Disable Highlighting